[Event "Moscow op-B (Women)"]
[Site "Moscow"]
[Date "2016.02.03"]
[Round "5"]
[White "Travkina, Anastasia"]
[Black "Lazhevskaya, Zhanni"]
[Result "1/2-1/2"]
[WhiteElo "2222"]
[BlackElo "2076"]
[PlyCount "110"]
[EventDate "2016.01.30"]
[EventType "swiss"]
[EventRounds "9"]
[EventCountry "RUS"]
[SourceTitle "CBM 170 Extra"]
[Source "ChessBase"]
[SourceDate "2016.02.25"]
[SourceVersion "1"]
[SourceVersionDate "2016.02.25"]
[SourceQuality "1"]

1. e4 e5 2. Nf3 Nc6 3. Bb5 Bc5 4. c3 f5 5. d4 fxe4 6. Bxc6 dxc6 7. Bg5 Be7 8. Bxe7 Nxe7 9. Nxe5 Ng6 10. Nxg6 hxg6 11. Qe2 Qe7 12. Nd2 Bf5 13. Nc4 Qg5 14. Ne3 0-0-0 15. 0-0-0 Be6 16. Kb1 Qa5 17. c4 Qb6 18. d5 cxd5 19. cxd5 Bd7 20. Qc2 Qf6 21. Rc1 c6 22. Rhd1 Kb8 23. h3 Rc8 24. Qe2 cxd5 25. Nxd5 Qe5 26. Rxc8+ Rxc8 27. Nc3 Bc6 28. Qe3 Rf8 29. Rd2 g5 30. Re2 Qf4 31. Qxf4+ Rxf4 32. g3 Rf8 33. Nxe4 Bxe4+ 34. Rxe4 Rxf2 35. Re8+ Kc7 36. Re7+ Kc6 37. Rxg7 Rf1+ 38. Kc2 Rf2+ 39. Kc1 Rf1+ 40. Kc2 Rf2+ 41. Kc1 Rf1+ 42. Kd2 Rf2+ 43. Ke3 Rxb2 44. Rxg5 Rxa2 45. h4 b5 46. h5 Rh2 47. Kd4 Rd2+ 48. Kc3 Rh2 49. Rg6+ Kc5 50. h6 a5 51. Rg5+ Kc6 52. Rg6+ Kc5 53. Rg5+ Kc6 54. Rg6+ Kc5 55. Rg5+ Kc6 1/2-1/2